BIBLIOTECA

SENCICO

Trabajos realizados en el Laboratorio de Suelos, Concreto y Asfaltos : Informe Técnico (Registro nro. 3359)

Detalles MARC
000 -LEADER
fixed length control field 00836nam a2200229Ia 4500
005 - DATE AND TIME OF LATEST TRANSACTION
control field 20251020182611.0
008 - FIXED-LENGTH DATA ELEMENTS--GENERAL INFORMATION
fixed length control field 200515s9999 xx 000 0 und d
082 ## - DEWEY DECIMAL CLASSIFICATION NUMBER
Classification number SC/666.956/O64
100 ## - MAIN ENTRY--PERSONAL NAME
Personal name ORE TORRE, John César
245 #0 - TITLE STATEMENT
Title Trabajos realizados en el Laboratorio de Suelos, Concreto y Asfaltos : Informe Técnico
260 ## - PUBLICATION, DISTRIBUTION, ETC.
Place of publication, distribution, etc. Lima
260 ## - PUBLICATION, DISTRIBUTION, ETC.
Date of publication, distribution, etc. 1998
300 ## - PHYSICAL DESCRIPTION
Extent 39
500 ## - GENERAL NOTE
General note analizar y determinar las características de los suelos y materiales constructivos, para su utilización en obra de acuerdo a normas internacionales (ASTM, AASHTO, COPANT) y nacionales (N. T. P.)
520 ## - SUMMARY, ETC.
Summary, etc. Trabajo de laboratorio que consistieron en la ejecución de ensayos de laboratorios
650 ## - SUBJECT ADDED ENTRY--TOPICAL TERM
Topical term or geographic name entry element AGREGADOS
650 ## - SUBJECT ADDED ENTRY--TOPICAL TERM
Topical term or geographic name entry element CONCRETO
650 ## - SUBJECT ADDED ENTRY--TOPICAL TERM
Topical term or geographic name entry element LABORATORIO DE SUELOS
650 ## - SUBJECT ADDED ENTRY--TOPICAL TERM
Topical term or geographic name entry element LIB
650 ## - SUBJECT ADDED ENTRY--TOPICAL TERM
Topical term or geographic name entry element M-SENC
942 ## - ADDED ENTRY ELEMENTS (KOHA)
Koha item type Libros
Existencias
Fecha de la última vez que lo usaron Pago total Signatura topográfica completa Código de barras Precio efectivo desde Tipo de documento Estado perdido Estado dañado No es para préstamo Retirado Ubicación permanente Ubicación actual Fecha de adquisición
15/05/2020   SC/666.956/O64 Bib-Lima15053359 15/05/2020 Libros         Biblioteca Central Lima Biblioteca Central Lima 15/05/2020